| 000 | 01109pam a2200325 a 4500 | ||
|---|---|---|---|
| 001 | 015985862 | ||
| 003 | EG-ScBUE | ||
| 005 | 20220102113604.0 | ||
| 008 | 111116s2012 enk f 000 1 eng d | ||
| 020 | _a0141199407 | ||
| 020 | _a9780141199405 | ||
| 040 |
_aEG-ScBUE _beng _erda _cEG-ScBUE _dEG-ScBUE |
||
| 082 | 0 | 4 |
_a823.912 _222 _bFOR |
| 100 | 1 |
_aForster, E. M. _q(Edward Morgan), _d1879-1970, _eauthor. _933591 |
|
| 245 | 1 | 0 |
_aHowards End / _cE. M. Forster. |
| 250 | _aNew edition. | ||
| 264 | 1 |
_aLondon : _bPenguin Books, _c2012. |
|
| 300 |
_a381 pages ; _c20 cm. |
||
| 336 |
_2rdacontent _atext _btxt |
||
| 337 |
_2rdamedia _aunmediated _bn |
||
| 338 |
_2rdacarrier _avolume _bnc |
||
| 490 | 0 | _aPenguin English library | |
| 650 | 7 |
_aSisters _vFiction. _933621 _2BUEsh |
|
| 650 | 7 |
_aSocial classes _zEngland _vFiction. _933622 _2BUEsh |
|
| 651 | 7 |
_aGreat Britain _xSocial life and customs _y19th century _vFiction. _933623 _2BUEsh |
|
| 651 | 7 |
_aGreat Britain _xHistory _yEdward VII, 1901-1910 _vFiction. _933624 _2BUEsh |
|
| 653 |
_cSeptember2013 _bHHUUEENN |
||
| 655 |
_vReading book _934232 |
||
| 942 |
_2ddc _cBB |
||
| 999 |
_c17519 _d17491 |
||